A Quality of Service Based Spectrum Allocation Framework for TV White Spaces (Record no. 216263)
[ view plain ]
| 000 -LEADER | |
|---|---|
| fixed length control field | 00713 a2200181 4500 |
| 003 - CONTROL NUMBER IDENTIFIER | |
| control field | Nust |
| 005 - DATE AND TIME OF LATEST TRANSACTION | |
| control field | 20170207171114.0 |
| 040 ## - CATALOGING SOURCE | |
| Transcribing agency | Nust |
| 082 ## - DEWEY DECIMAL CLASSIFICATION NUMBER | |
| Classification number | 621.382 |
| 100 ## - MAIN ENTRY--PERSONAL NAME | |
| Personal name | Ilyas, Zahid (MSEE-17) |
| 245 ## - TITLE STATEMENT | |
| Title | A Quality of Service Based Spectrum Allocation Framework for TV White Spaces |
| Statement of responsibility, etc. | Zahid Ilyas |
| 260 ## - PUBLICATION, DISTRIBUTION, ETC. | |
| Place of publication, distribution, etc. | Rawalpindi |
| Name of publisher, distributor, etc. | MCS,NUST |
| Date of publication, distribution, etc. | February 2015 |
| 300 ## - PHYSICAL DESCRIPTION | |
| Extent | x, 71 p |
| 505 ## - FORMATTED CONTENTS NOTE | |
| Formatted contents note | Background (Page-1), Literature Review and Theoretical Background (Page-5), QOS Characterization and Whitenet (Page-29), Proposed Framework (Page-36), Performance Analysis (Page-52), Conclusion and Future Work (Page-59), |
| 538 ## - SYSTEM DETAILS NOTE | |
| System details note | Almirah No.69 Shelf No.6 |
| 650 ## - SUBJECT ADDED ENTRY--TOPICAL TERM | |
| Topical term or geographic name entry element | PG Thesis |
| 651 ## - SUBJECT ADDED ENTRY--GEOGRAPHIC NAME | |
| Geographic name | MSEE-17 |
| General subdivision | 2011-NUST-MS-Phd TE-18 |
| 942 ## - ADDED ENTRY ELEMENTS (KOHA) | |
| Koha item type | |
| Withdrawn status | Lost status | Source of classification or shelving scheme | Damaged status | Not for loan | Collection code | Permanent Location | Current Location | Date acquired | Total Checkouts | Full call number | Barcode | Date last seen | Price effective from | Koha item type |
|---|---|---|---|---|---|---|---|---|---|---|---|---|---|---|
| Military College of Signals (MCS) | Military College of Signals (MCS) | 12/12/2016 | 621.382 ILY | MCSTEE-244 | 12/08/2016 | 12/12/2016 | Book |
